[Event "World Women-ch k.o."]
[Site "Sochi"]
[Date "2015.03.27"]
[Round "4.2"]
[White "Muzychuk, Anna"]
[Black "Cramling, Pia"]
[Result "1/2-1/2"]
[WhiteElo "2552"]
[BlackElo "2495"]
[Annotator "Havasi,G"]
[PlyCount "120"]
[EventDate "2015.03.17"]
[EventType "k.o."]
[EventRounds "6"]
[EventCountry "RUS"]
[SourceTitle "CBM 166"]
[Source "ChessBase"]
[SourceDate "2015.05.11"]
[SourceVersion "1"]
[SourceVersionDate "2015.05.11"]
[SourceQuality "1"]

1. e4 c5 2. Nf3 e6 3. d4 cxd4 4. Nxd4 Nc6 5. Nc3 a6 6. Nxc6 bxc6 7. Bd3 d5 8.
O-O Nf6 9. Qe2 (9. Re1 {is the main move.}) 9... Be7 10. b3 O-O 11. Bb2 Re8 $6
{This move is useless.} (11... Bb7 {is more natural, White can continue with}
12. Na4 c5 13. Rad1 $13) 12. Na4 $1 {This manoeuvre is promising for White.}
Bb7 13. c4 $1 {This is typical in this position.} (13. Rad1 {is possible} Qc7
14. e5 Nd7 15. c4 $14) 13... Nd7 (13... dxe4 {is also possible, but White will
not miss the B} 14. Bxe4 Nxe4 15. Qxe4 $14) 14. cxd5 (14. Rac1 $14 {is also
good to keep the tension.}) 14... exd5 (14... cxd5 15. Rad1 $14) 15. exd5 (15.
e5 $1 Bf8 16. Rae1 $36 {is better.}) 15... cxd5 16. Qg4 (16. Rfe1 Nf6 {isn't
so clear.}) 16... Bf6 {Black exchanges the B, which is a good decision.} (16...
Nf6 17. Qd4 $14) 17. Bxf6 Nxf6 18. Qd4 Bc6 $1 {Black wants to get rid of the
bad B.} 19. Rfd1 (19. Nc5 Bb5) (19. Nc3 $5 {is also logical to avoid the
exchange} Qd6 20. Rfe1 $14) 19... Bxa4 20. Qxa4 Qb6 {Black is more or less
fine.} 21. Rac1 a5 (21... Ne4 $1 {is even better} 22. Rc2 a5 $11) 22. Qb5 $1 {
White provokes the exchange of the Qs.} Qd6 $1 (22... Qxb5 23. Bxb5 $16 {
is better for Black.}) 23. Qc5 $1 Qf4 24. Bb5 $1 Re6 25. Qc7 {This is less
accurate.} (25. g3 $1 {would be good for White} Qf3 26. Rd3 Qh5 27. Kg2 $14)
25... Qb4 $1 26. Bc6 Rf8 $132 {Black is fine.} 27. h3 Re2 $1 28. Bxd5 Nxd5 29.
Rxd5 a4 $2 (29... Rxa2 $1 30. Rd8 Re2 $1 $11) 30. Rd8 (30. bxa4 $1 Qxa4 31. Rd8
Ree8 32. Rd2 $16) 30... g6 (30... axb3 31. axb3 g6 32. Rxf8+ Kxf8 33. Rc3 {
with a slight advantage.}) 31. Rxf8+ Kxf8 32. bxa4 Qd4 33. Qc5+ Qxc5 34. Rxc5
Rxa2 $11 {The game is equal.} 35. a5 h5 36. g4 hxg4 37. hxg4 Ke7 38. Kg2 Ra3
39. Rb5 Ke6 40. f3 Kd6 41. Kg3 Ra4 42. g5 Ke6 43. f4 Ra3+ 44. Kf2 f5 $2 {
Why weaken the g6-pawn?} (44... Kd6 $11) 45. Ke2 (45. Rb6+ $1 Kd5 46. Rxg6 Ke4
47. Ra6 $1 Kxf4 48. g6 $16) 45... Kd6 $1 46. Kd2 (46. Rb6+ {is already worse}
Kd5 47. Rxg6 Rxa5 $11) 46... Kc6 47. Rb6+ Kd5 48. a6 (48. Rxg6 Rxa5 $11) 48...
Ke4 $11 {The game is completely drawn.} 49. Rxg6 Kxf4 50. Kc2 Kg4 51. Kb2 Ra5
52. Kb3 Kh5 53. Kb4 Ra1 54. Rc6 Kxg5 55. Kb5 f4 56. Rc8 Kg4 57. Rg8+ Kh3 58.
Rf8 Kg3 59. Kb6 f3 60. a7 f2 1/2-1/2

[Event "Women-Veterans"]
[Site "London"]
[Date "1996.??.??"]
[Round "10"]
[White "Xie, Jun"]
[Black "Taimanov, Mark E"]
[Result "1-0"]
[WhiteElo "2510"]
[BlackElo "2470"]
[Annotator "Hecht,H"]
[PlyCount "113"]
[EventDate "1996.08.15"]
[EventType "schev"]
[EventRounds "5"]
[EventCountry "ENG"]
[SourceTitle "CBM 055"]
[Source "ChessBase"]
[SourceDate "1996.12.01"]
[SourceVersion "1"]
[SourceVersionDate "1996.12.01"]
[SourceQuality "1"]

1. e4 c5 2. Nf3 e6 3. d4 cxd4 4. Nxd4 Nc6 5. Nc3 a6 6. Be3 Nxd4 7. Qxd4 Ne7 8.
O-O-O b5 9. Qd2 Nc6 10. f4 Be7 11. g4 Bb7 12. Rg1 Rc8 13. Kb1 Na5 14. Qd4 O-O
15. e5 Bc5 16. Qd3 Qb6 17. Bxc5 Qxc5 18. Bg2 Bxg2 19. Rxg2 Nc4 20. Ne4 Qe3 21.
b3 Qxf4 22. bxc4 Rxc4 23. Nd2 Rd4 24. Qg3 g5 25. Qxf4 gxf4 26. g5 Kg7 27. Re1
Rc8 28. Re4 Rcc4 29. Re1 Rc3 30. Nb3 Rd5 31. Rg4 Re3 32. Rxe3 fxe3 {[#] 2
schwarze Bauern für den S, aber viele weiße B-Schwächen; schwarzer Fehler Zug
48 führt zu verlorenem B-Endspiel oder B-Verlust, Taktik!} 33. Re4 Kg6 34. h4
Rd1+ 35. Kb2 Re1 36. Nd4 Kh5 37. Kc3 Ra1 38. Kd3 Rxa2 39. Kxe3 Ra3+ 40. Kf2 Rc3
41. Rf4 Kg6 42. Rf6+ Kg7 43. Rf3 Rc5 44. Re3 a5 45. Ke2 b4 46. Kd2 Rd5 47. Re4
d6 48. exd6 e5 $2 49. Ke3 $1 {[#]} Kg6 (49... exd4+ 50. Rxd4 Rxd4 51. Kxd4 Kf8
52. Kc5 Ke8 53. Kb6 $1 $18 (53. Kb5 $18)) 50. Nc6 Rxd6 51. Nxe5+ Kh5 52. Rf4 b3
53. cxb3 Rb6 54. Rxf7 Kxh4 55. Kf4 h6 56. g6 Rb4+ 57. Kf5 1-0

[Event "SWE-ch"]
[Site "Linkoping"]
[Date "2001.07.08"]
[Round "8"]
[White "Berg, Emanuel"]
[Black "Eriksson, Anders"]
[Result "1-0"]
[WhiteElo "2474"]
[BlackElo "2335"]
[Annotator "Hecht,H"]
[PlyCount "95"]
[EventDate "2001.06.30"]
[EventType "tourn"]
[EventRounds "13"]
[EventCountry "SWE"]
[EventCategory "8"]
[SourceTitle "CBM 085"]
[Source "ChessBase"]
[SourceDate "2001.11.13"]
[SourceVersion "1"]
[SourceVersionDate "2001.11.13"]
[SourceQuality "1"]

1. e4 c5 2. Nf3 e6 3. d4 cxd4 4. Nxd4 Nc6 5. Nc3 a6 6. Nxc6 bxc6 7. Bd3 d5 8.
O-O Nf6 9. Qe2 Be7 10. b3 O-O 11. Bb2 a5 12. Na4 dxe4 13. Bxe4 Nxe4 14. Qxe4
Qd5 15. Qg4 Qg5 16. Qxg5 Bxg5 17. Rfd1 Rd8 18. f4 Be7 19. Ba3 Bf6 20. Rxd8+
Bxd8 21. Rd1 Ba6 22. c4 Bc7 23. g3 Rd8 24. Rxd8+ Bxd8 {[#] Durch die gegebene
Bauernstruktur stark eingeschränktes Läuferpaar. Schwarz beschleunigt den
unvermeidlichen Verlust durch ein Hilfsmatt.} 25. Bd6 g5 26. Kf2 gxf4 27. gxf4
Kg7 28. Ke3 Kg6 29. Nc5 Bc8 30. Nd3 f6 31. Kd4 Bb6+ 32. c5 Bd8 33. Bb8 Ba6 34.
Nf2 Kf5 35. Ne4 Kg4 36. Ke3 Kh3 37. Nd6 Be7 38. Bc7 Kxh2 39. Bxa5 h5 40. f5 h4
(40... Bxd6 41. cxd6 Bc8 42. Kf3 e5 43. Bd8 Bxf5 44. Bxf6 {und die Freibauern
a+d, die nicht zugleich vom schwarzen Läufer aufgehalten werden können,
gewinnen.}) 41. Be1 h3 42. Kf2 exf5 43. Bd2 Bd3 44. Bf4+ Kh1 45. a4 Bf8 (45...
Bc2 46. a5 Bd3 47. b4 Bf8 (47... Bd8 48. Nf7 Be7 49. Bd6 $18) 48. Nf7 Bb5 49.
Nd6 Bd3 50. Ne8 Be7 51. Nc7 Bd8 52. Ne6 Be7 53. Bd6 $18) 46. b4 h2 {Matt in 8
Zügen beginnend mit a5} 47. a5 Be7 48. a6 1-0

[Event "NED-GER m"]
[Site "Venlo"]
[Date "2000.08.27"]
[Round "4.5"]
[White "Van den Doel, Erik"]
[Black "Bischoff, Klaus"]
[Result "1-0"]
[WhiteElo "2547"]
[BlackElo "2556"]
[Annotator "Hecht,H"]
[PlyCount "83"]
[EventDate "2000.08.24"]
[EventType "team"]
[EventRounds "4"]
[EventCountry "NED"]
[SourceTitle "CBM 079"]
[Source "ChessBase"]
[SourceDate "2000.11.21"]
[SourceVersion "1"]
[SourceVersionDate "2000.11.21"]
[SourceQuality "1"]
[WhiteTeam "Netherlands"]
[BlackTeam "Germany"]
[WhiteTeamCountry "NED"]
[BlackTeamCountry "GER"]

1. e4 c5 2. Nf3 e6 3. d4 cxd4 4. Nxd4 Nc6 5. Nc3 a6 6. Be2 Nge7 7. f4 b5 8. O-O
Nxd4 9. Qxd4 Nc6 10. Qf2 Be7 11. Be3 O-O 12. Rad1 Bb7 13. a4 b4 14. Nb1 f5 15.
e5 Bh4 16. g3 Be7 17. Nd2 Na5 18. Bf3 Bxf3 19. Nxf3 Qc8 20. b3 Nb7 21. Qd2 Rd8
22. Rc1 Qb8 23. Kh1 Nc5 24. Bxc5 Bxc5 25. c4 bxc3 26. Qxc3 Be7 27. Qd3 Qb7 28.
Rc3 Rac8 29. Rfc1 Rxc3 30. Rxc3 h6 31. h4 d6 32. Qc4 dxe5 33. Qxe6+ Kh8 34. Qc6
Qxc6 35. Rxc6 exf4 36. gxf4 Bf6 37. Rxa6 Rd3 38. Ne5 Rxb3 {[#] Schwarz wird
sich trotz des unangenehmen a-Freibauern halten können, wenn sein Läufer auf
dem Brett bleibt.} 39. a5 Bxe5 $2 (39... Bxh4 40. Rb6 (40. Ng6+ Kh7 41. Nxh4
Rh3+ 42. Kg2 Rxh4 $15) 40... Ra3 41. Kg2 $11) 40. fxe5 Kg8 41. Ra8+ Kf7 42. a6
1-0

[Event "Belgrade olympia hopes"]
[Site "Belgrade"]
[Date "2002.06.30"]
[Round "5"]
[White "Pikula, Dejan"]
[Black "Stojanovic, Dalibor"]
[Result "1-0"]
[WhiteElo "2472"]
[BlackElo "2442"]
[Annotator "Hecht,H"]
[PlyCount "116"]
[EventDate "2002.06.26"]
[EventType "schev"]
[EventRounds "5"]
[EventCountry "YUG"]
[SourceTitle "CBM 091"]
[Source "ChessBase"]
[SourceDate "2002.11.12"]
[SourceVersion "1"]
[SourceVersionDate "2002.11.12"]
[SourceQuality "1"]

1. e4 c5 2. Nf3 e6 3. d4 cxd4 4. Nxd4 Nc6 5. Nc3 a6 6. Nxc6 bxc6 7. Bd3 d5 8.
O-O Nf6 9. Re1 Bb7 10. e5 Nd7 11. Na4 c5 12. c4 d4 13. b3 Qc7 14. Qe2 Be7 15.
Nb2 Rb8 16. Bc2 h6 17. Bd2 Qc6 18. f3 g6 19. Nd3 Kf8 20. Qf2 Kg7 21. Qg3 h5 22.
h4 Qc7 23. Bg5 Bxg5 24. Qxg5 Qd8 25. Qg3 Qe7 26. Nf4 Rh6 27. Rad1 Bc6 28. Kh2
a5 29. Nh3 a4 30. f4 axb3 31. axb3 Rb6 32. Ng5 Nf8 33. Ra1 Rh8 34. Ra5 Bb7 35.
Ra7 Nh7 36. Ne4 Rd8 37. Nf2 Ra8 38. Rxa8 Bxa8 39. f5 exf5 40. Bxf5 Nf8 41. Nh3
Ne6 42. Rf1 Qb7 43. Bxe6 Rxe6 44. Ng5 Re7 45. Rf2 Qb8 46. Nxf7 Qc8 47. Nd6 Qg4
48. Qxg4 hxg4 49. Kg3 Rxe5 $44 50. Kxg4 {[#] Für den Minusbauern besitzt
Schwarz einen guten Läufer und einen gedeckten Freibauern. Etliche ungenaue
Züge werden schlussendlich von einem dicken Fehler gekrönt.} Re3 (50... Re6
$142 51. Nb5 (51. Nf7 Re4+ 52. Kg3 (52. Kg5 $2 d3 $1) 52... Re3+ 53. Kh2 d3 54.
Ng5 Re2 55. Rf7+ Kg8 56. Rd7 $11) 51... Bc6 $11) 51. Rf7+ Kh6 (51... Kg8 $142 {
[%csl Rb3,Rg2]}) 52. Rc7 Bxg2 53. Nf7+ Kg7 54. Ng5+ Kf6 (54... Kf8 $5) 55. Kf4
Re7 56. Rxc5 d3 57. Rc8 $6 (57. Ra5 $142) 57... d2 $2 {[%mdl 12288]} (57... Rd7
$1 $11 58. Rf8+ $8 Kg7 59. Ne6+ Kh7 60. Ng5+ Kg7) 58. Rd8 Re2 (58... Re2 59.
Rd7 {[%cal Rd7f7]} Rf2+ 60. Ke3 {[%csl Rd2]}) 1-0

[Event "CZE-ch"]
[Site "Turnov"]
[Date "1996.??.??"]
[Round "11"]
[White "Stocek, Jiri"]
[Black "Jansa, Vlastimil"]
[Result "0-1"]
[WhiteElo "2465"]
[BlackElo "2500"]
[Annotator "King,D"]
[PlyCount "85"]
[EventDate "1996.??.??"]
[EventType "tourn"]
[EventRounds "11"]
[EventCountry "CZE"]
[EventCategory "8"]
[SourceTitle "CBM 054"]
[Source "ChessBase"]
[SourceDate "1996.10.01"]
[SourceVersion "1"]
[SourceVersionDate "1996.10.01"]
[SourceQuality "1"]

1. e4 c5 2. Nf3 Nc6 3. d4 cxd4 4. Nxd4 e6 5. Nc3 a6 6. Be3 Nf6 7. Bd3 d5 8. O-O
Be7 9. exd5 exd5 10. Re1 O-O 11. h3 Re8 12. Qd2 Bd7 13. Nxc6 Bxc6 14. Bd4 Qd6
15. Be5 Qd7 16. Qf4 Nh5 17. Qf3 g6 18. Rad1 Bd6 19. Bd4 Nf4 20. Ne2 Nxe2+ 21.
Rxe2 Re6 22. Rde1 Rae8 23. Rxe6 Rxe6 24. Rxe6 Qxe6 25. Kf1 h5 26. Qf6 Qxf6 27.
Bxf6 Kf8 28. Ke2 Ke8 29. Bd4 Kd7 30. Ke3 Ke6 {It is hard to imagine that White
managed to lose this position. Reason? He didn't pay attention to Black's rook
pawns.} 31. Be2 $6 (31. h4) (31. g4) 31... h4 {Fixing the g2 and h3 pawns.} 32.
f4 Bb5 33. Bg4+ f5 34. Bd1 a5 35. Kf3 a4 36. Bf2 $2 (36. a3) 36... Be7 37. c3
Bd3 38. Be3 a3 39. b4 (39. bxa3 Bxa3 40. Bb3 Bb2 41. Bd4 Bc4 {is unpleasant,
though not clearly lost.}) 39... Bf6 40. Bd4 Bxd4 41. cxd4 Bc4 42. Ke3 Bxa2 43.
Kd2 {A criminal performance from White.} 0-1

[Event "Poikovsky Karpov 10th"]
[Site "Poikovsky"]
[Date "2009.06.11"]
[Round "8"]
[White "Inarkiev, Ernesto"]
[Black "Rublevsky, Sergei"]
[Result "0-1"]
[WhiteElo "2676"]
[BlackElo "2702"]
[Annotator "Kritz,L"]
[PlyCount "236"]
[EventDate "2009.06.03"]
[EventType "tourn"]
[EventRounds "9"]
[EventCountry "RUS"]
[EventCategory "18"]
[SourceTitle "CBM 131"]
[Source "ChessBase"]
[SourceDate "2009.07.15"]
[SourceVersion "1"]
[SourceVersionDate "2009.07.15"]
[SourceQuality "1"]

1. e4 c5 2. Nf3 e6 3. Nc3 Nc6 4. d4 cxd4 5. Nxd4 a6 {Ein sehr populäres System
heute. Auf diese Weise verhindert Schwarz den weißen Aufbau mit der langen
Rochade.} (5... Qc7 6. Be3 a6 7. Qd2 Nf6 8. O-O-O $1 Bb4 9. f3 $132 {ist
heutzutage die populärste Variante im Paulsen-System.}) 6. Be3 ({Nach} 6. Be2
d6 7. O-O Nf6 8. Be3 Be7 9. f4 {geht die Partie in eine der klassischen
Scheveningen-Abwicklungen über.}) (6. Nxc6 $1 {Ich denke, das ist nicht nur
der prinzipiellste, sondern auch der stärkste Zug.} bxc6 (6... dxc6 $2 7. Qxd8+
Kxd8 8. Bf4 $16 {Schwarz hat zu viele Schwächen im Lager, dazu auch noch einen
schlechten König und Eröffnungsrückstand.}) 7. Bd3 Nf6 8. O-O d5 9. Qe2 {
Weiß erreicht eine sehr solide Stellung, die zwar nicht leicht zu gewinnen ist,
aber sie ist sehr angenehm zu spielen - Schwarz hat kaum Gegenspiel, obwohl
auch keine Schwächen.} Be7 10. b3 (10. Na4 O-O 11. c4 Bb7 (11... Re8 $6 {
Es ist nicht klar, was der Turm auf der e-Linie macht. Viel wichtiger ist es,
den Damenflügel zu entwickeln, um nicht unter Druck zu geraten.} 12. e5 Nd7 13.
Bf4 Nb6 14. Nc3 Nxc4 15. Bxc4 dxc4 16. Rad1 Qb6 17. Ne4 $40 {und Weiß bekam
starken Angriff gegen den schwarzen König in Morozevich - Volokitin (Sochi,
2006)}) 12. e5 Nd7 13. Bf4 Nb6 (13... a5 $5 14. cxd5 cxd5 15. Rac1 Rb8 16. Rc2
Ba8 $132 {Kritz - Kobalia (Biel, 2006)}) 14. cxd5 (14. Nc3 $5 dxc4 15. Bc2 Nd5
16. Qe4 g6 17. Bh6 Re8 18. Qxc4 Qb6 $132 {/\a5}) 14... cxd5 15. Nc3 Nd7 16.
Rad1 Nc5 17. Bb1 a5 $132 {Ponomariov - Rublevsky (Elista, 2007)}) 10... O-O 11.
Bb2 Bb7 12. Rad1 Qc7 13. Na4 $14 {Gashimov - Quezada Perez (Havana, 2007).
Meiner Meinung nach sind die Chancen des Weißen hier besser, weil er nach c4
gutes Spiel hat. Nimmt Schwarz auf e4, so wird er große Probleme mit dem
c-Bauern haben.}) 6... Nf6 7. f4 {Eine seltene Fortsetzung. Dieser Zug gilt
als Hauptvariante wenn die schwarze Dame auf c7 steht und der Bauer auf a7.
Dort hat Weiß oft die Möglichkeit Ndb5. Hier sieht es wesentlich schlechter
aus.} (7. Qd2 {In solcher Konstellation funktioniert der Plan mit der langen
Rochade nicht mehr.} Bb4 8. f3 d5 $1 9. a3 Qa5 10. Nb3 Bxc3 11. bxc3 (11. Qxc3
Qxc3+ 12. bxc3 dxe4 $15) (11. Nxa5 Bxd2+ 12. Bxd2 dxe4 13. Nxc6 bxc6 14. Bb4
Bb7 $15) 11... Qc7 12. Bf4 e5 13. exd5 exf4 14. dxc6 O-O 15. O-O-O Qxc6 16. c4
Be6 17. Qxf4 Rac8 18. Qd6 Qa4 19. Qb4 Qxb4 20. axb4 Bxc4 $11 {Carlsen - Anand 
(Leon, 2005)}) 7... Bb4 8. Bd3 e5 {Der prinzipiellste Zug. Jedoch hat Schwarz
auch gutes Spiel in anderen Varianten.} (8... d6 9. Nxc6 (9. O-O e5 10. Nxc6
bxc6 {->siehe die Partie}) 9... bxc6 10. O-O e5 11. h3 O-O 12. Qf3 exf4 13.
Bxf4 Nd7 14. Bc4 Qe7 15. Qg3 Kh8 16. Bb3 Ne5 $132 {Radjabov - Svidler (Feugen,
2006)}) (8... Qb6 9. O-O Bc5 (9... Nxd4 10. Na4 Qc6 (10... Qa7 11. c3 $16) 11.
c3 Nxe4 12. cxb4 $44 {Die weiße Initiative ist genügende Kompensation für den
geopferten Bauern.}) 10. Na4 Bxd4 11. Nxb6 Bxe3+ 12. Kh1 Bxb6 $132 {mit einer
komplizierten Stellung in Khalifman - Rublevsky (Moscow, 2005). Eher ist es
Weiß, wer hier aufpassen muss.}) (8... O-O 9. Qf3 d6 10. a3 Qa5 $5 {sieht
gesünder aus, als das in der Partie gespielte 10....Bxc3} (10... Bxc3+ 11. bxc3
Qc7 12. O-O e5 13. Nxc6 Qxc6 14. f5 d5 15. exd5 Qxc3 16. Rab1 Re8 17. Rb3 Qa5
18. Be4 Qa4 19. Rb4 Qxa3 20. Rb6 $44 {Balogh - Rublevsky (Bastia, 2004)}) 11.
O-O Nxd4 $1 12. Bxd4 Bc5 13. Bxc5 (13. Qf2 $4 Ng4 $19) 13... Qxc5+ 14. Kh1 Bd7
(14... e5 15. f5 b5 16. g4 h6 17. h4 $16) 15. Rae1 e5 16. f5 Bc6 $132) 9. fxe5
(9. Nxc6 $6 {Das ist ein Fehler.} dxc6 10. h3 (10. fxe5 Ng4 11. Bf4 Qa5 $15 {
Schwarz hat nicht nur ausgeglichen, er steht sogar besser.}) ({Eine typische
Reaktion in solch einer Stellung wäre} 10. f5 $2 {aber hier klappt es nun gar
nicht:} Nxe4 $1 11. Bxe4 Bxc3+ 12. bxc3 Qh4+ $19) 10... exf4 11. Bxf4 Qd4 12.
Bd2 Be6 $15 {Motylev - Potkin (Sochi, 2007)}) 9... Nxe5 10. O-O d6 11. h3 {
Nimmt das Feld g4 unter Kontrolle.} ({Möglich ist auch} 11. Kh1 Bxc3 12. bxc3
h6 13. Nf3 Nfg4 14. Bd4 O-O 15. Qe1 Qe7 16. Qg3 Ng6 17. e5 dxe5 18. Rae1 $36 {
Shirov - Mamedyarov (Baku, 2009). Weiß hat eine temporäre Initiative, die
Stellung von Schwarz ist jedoch sehr solide.}) 11... Bxc3 {Es ist nicht klar,
warum man ohne Aufforderung den Läufer geben muss. Logisch scheint die Rochade.
} (11... O-O $5 12. Bg5 (12. a3 Bxc3 13. bxc3 h6 {Schwarz hat einfach ein
Tempo gewonnen, weil Weiß a3 gezogen hat.}) (12. Nd5 Nxd5 13. exd5 Bc5 14. c3
Bd7 $11) 12... Qb6 13. Nce2 Bc5 14. c3 Qxb2 $1 15. Bxf6 gxf6 $132 {Zwar wurde
die Stellung des schwarzen Königs geschwächt, es ist jedoch nicht zu sehen,
wie Weiß an ihn rankommen kann. Der Springer e5 sieht sehr stark aus.}) 12.
bxc3 h6 {Prophyilaxe gegen Bg5.} (12... O-O $2 13. Bg5 $16 {/\Qd2-Rf2-Raf1})
13. Qe1 (13. Bf2 {sieht künstlich aus} Nh7 14. Nf5 O-O 15. Kh1 Bxf5 16. exf5
Rc8 17. Rb1 Qe7 18. Qd2 Nf6 $132 {Radjabov - Anand (Bilbao, 2008)}) 13... O-O
14. Qh4 Nh7 15. Qg3 Kh8 16. Nf3 (16. Rab1 Qe7 17. a4 Be6 18. a5 Rac8 $132)
16... f6 {Ein interessanter Zug. Natürlich sollte Schwarz seinen Springer e5
halten. Allerdings hat dieser Zug den Nachteil, dass der andere Springer nicht
mehr so leicht ins Spiel zurückkommen kann, weil das Feld f6 besetzt ist.} (
16... Qe7 $2 17. Nxe5 dxe5 18. Qf2 $1 {Weiß ist sehr schnell.} Qc7 19. Bb6 Qc6
20. Qc5 Bd7 21. Rab1 Nf6 22. Qxe5 Rae8 23. Qd4 Nxe4 24. Ba5 $16 {/\Rb6-Rxh6!})
({In Betracht kommt} 16... Qc7 $5 17. Rab1 Be6 {und die schwarz Stellung ist
in Ordnung.} 18. Nxe5 dxe5 19. c4 Rfe8 $11) 17. a4 (17. Nxe5 dxe5 18. h4 Be6
19. c4 Qc7 20. Rab1 Bxc4 $1 21. Bxc4 Qxc4 22. Rxb7 Rg8 $11 {Es gibt wenig zu
fürchten, weil alle weißen Bauern am Damenflügel schwach sind.}) 17... Bd7 18.
a5 Ng5 {Der Springer hat sein Weg zurück ins Spiel gefunden, Schwarz steht
zumindest nicht schlechter.} 19. Nh4 Rc8 20. Bb6 (20. Bd4 Re8 21. Nf5 Bxf5 (
21... Qc7 22. h4 Ne6 23. Rab1 $36) 22. exf5 Qd7 23. Rab1 d5 $132 {Die Stellung
ist ziemlich unklar. Die beiden weißen Läufer haben wenig Perspektiven, weil
die Stellung eher geschlossen ist, auf der anderen Seite hat Schwarz einen
schwachen b-Bauern und einen geschwächten König. Die Chancen der beiden Seiten
sind ungefähr gleich.}) 20... Qe8 21. Bd4 Rf7 22. Rab1 Be6 {Der Läufer steht
besser auf e6 als auf c6, weil er von e6 die Kontrolle über das Feld f5 behält.
} (22... Bc6 23. Nf5 Rd7 24. Rfe1 $14) 23. Rfe1 Rfc7 {Möglicherweise will
Schwarz früher oder später auf c3 die Qualität opfern.} 24. Kh1 Qd7 {Schwarz
verteidigt ein Mal mehr den Bauern b7.} (24... Rxc3 $2 {- dafür ist es noch zu
früh:} 25. Bxc3 Rxc3 26. Rxb7 $18) 25. Rbd1 Ngf7 (25... Rxc3 $5 {Jetzt könnte
man durchaus das Opfer durchziehen.} 26. Bxc3 Rxc3 27. Qe3 (27. Nf5 Nxe4 $1 28.
Rxe4 Bxf5 $17) 27... Rc5 $44 {Schwarz hat zweifellos gute Kompensation, ob es
für mehr reicht, ist fraglich.}) 26. Rf1 Rxc3 $5 {Wenn man auf Gewinn spielen
will, dann ist das wohl die beste Chance.} 27. Bxc3 Rxc3 28. Nf5 Bxf5 29. exf5
Qc7 30. Rb1 d5 (30... Nd8 $5 {kommt in Betracht - das Ziel der schwarzen
Figuren ist der Bauer a5.} 31. Qe3 Ndc6 32. Qb6 Nxa5 33. Qxc7 Rxc7 34. Be4 Kg8
$15) 31. Rb6 Nd6 {Statt der Jagd auf den a-Bauern entscheidet sich Rublevsky
für ein aktives Figurenspiel.} 32. Qf4 Rc5 33. Ra1 Ndc4 34. Bxc4 Rxc4 35. Qd2
d4 (35... Rxc2 $2 36. Rxb7 $1 $16) 36. Rb3 Qc6 37. Ra2 d3 $1 38. Rxd3 {Weiß
muss die Qualität zurückgeben.} (38. cxd3 Rc1+ 39. Kh2 Qc7 $1 $19 {Das ist der
Trick!}) 38... Nxd3 39. cxd3 (39. Qxd3 Rc3 40. Qd8+ Kh7 41. Kh2 Qe4 $19 {
Die weißen Figuren stehen an den Bretträndern, während die schwarzen im
Zentrum des Brettes aktiv sind.}) 39... Rc1+ 40. Kh2 Qc7+ 41. g3 Rc5 42. d4
Rxf5 43. Rc2 Qd7 44. Rc4 Rd5 (44... h5 $2 45. Qc2 $1 $11) 45. Qc2 f5 46. Rc8+
Kh7 47. Rc7 Qe6 48. Rc5 Kg6 49. Qa2 (49. Rxd5 Qxd5 50. Qc3 $19 {Vielleicht
hätte Weiß im Damenendspiel mehr Chancen, wobei objektiv gesehen das Endspiel
verloren ist.}) 49... Re5 50. Qxe6+ Rxe6 51. Kg2 Kf6 52. h4 g5 53. hxg5+ hxg5
54. Kf3 Rc6 55. Rd5 Rc3+ 56. Kf2 Rc2+ 57. Ke3 g4 58. Rd6+ Kg5 59. Rd8 Rc3+ 60.
Kf2 Rf3+ 61. Kg2 {Das Endspiel ist problemlos gewonnen für Schwarz, weil zu
dem Mehrbauern auch noch der weiße König in einer sehr passiven Lage ist. Der
Rest ist Sache der Technik.} Ra3 62. Rd7 Ra2+ 63. Kf1 Rb2 64. Rd6 Rb5 65. Rd7
Kf6 66. Ke2 Ke6 67. Rc7 Kd6 68. Rf7 Ke6 69. Rc7 Kd5 70. Ke3 Rb3+ 71. Kf4 Rf3+
72. Kg5 Rxg3 73. Kxf5 Rb3 74. Rd7+ Kc6 75. Rg7 Rb5+ 76. Ke4 Rxa5 77. Rxg4 Ra1
78. Rg6+ Kb5 79. Rg2 Re1+ 80. Kd3 Rd1+ 81. Kc3 a5 82. Rg5+ Ka4 83. Rg2 Rc1+ 84.
Kb2 Rc6 85. Rg3 b5 86. Rg2 Kb4 87. Rd2 Rd6 88. Rd3 Kc4 89. Rc3+ Kxd4 90. Rc8
Ra6 91. Ka3 Rh6 92. Kb2 Rh2+ 93. Kb3 Rh3+ 94. Kb2 a4 95. Ka2 Rc3 96. Rh8 Kc4
97. Rh4+ Kc5 98. Kb2 Rb3+ 99. Ka2 Kb6 100. Rh8 Rg3 101. Rh4 Ka5 102. Rh5 Rg2+
103. Ka3 Rg3+ 104. Kb2 a3+ 105. Ka2 Ka4 106. Rh4+ b4 107. Rf4 Rg2+ 108. Kb1
Rg1+ 109. Ka2 Rg2+ 110. Kb1 Rb2+ 111. Ka1 Rd2 112. Kb1 Kb3 113. Rf3+ Kc4 114.
Rf4+ Kc3 115. Rf3+ Rd3 116. Rf1 b3 117. Rc1+ Kb4 118. Rh1 a2+ 0-1